| 000 | 00000nam 2200000za 4500 |
| 001 | 9.802597 |
| 003 | CaOODSP |
| 005 | 20221107135024 |
| 007 | cr ||||||||||| |
| 008 | 160505s2015 onca ob f000 0 eng d |
| 020 | |a978-0-660-03191-0|z978-0-660-03190-3 |
| 040 | |aCaOODSP|beng |
| 043 | |an-cn--- |
| 086 | 1 |aFo4-59/2015E-PDF|zFo4-59/2015E |
| 245 | 00|aSilviculture knowledge for reclamation of oil and gas disturbances |h[electronic resource] : |bmounding : mechanical site preparation. |
| 246 | 10|aMounding : |bmechanical site preparation |
| 260 | |a[Ottawa] : |bNatural Resources Canada, Canadian Forest Service, |cc2015. |
| 300 | |ai, [20] p. : |bill. |
| 500 | |aIssued also in French under title: Connaissances en sylviculture pour la réhabilitation de terrains perturbés par des activités pétrolières et gazières : formation de monticules : préparation mécanique du site. |
| 504 | |aIncludes bibliographical references (p. 19-[20]). |
| 530 | |aIssued also in printed form. |
| 692 | 07|2gccst|aPetroleum industry |
| 692 | 07|2gccst|aGas industry |
| 692 | 07|2gccst|aEnvironmental management |
| 692 | 07|2gccst|aTrees |
| 692 | 07|2gccst|aHandbooks |
| 710 | 1 |aCanada. |bNatural Resources Canada. |bCanadian Forest Service. |
| 775 | 08|tConnaissances en sylviculture pour la réhabilitation de terrains perturbés par des activités pétrolières et gazières |w(CaOODSP)9.802599 |
| 776 | 0#|tSilviculture knowledge for reclamation of oil and gas disturbances : |w(CaOODSP)9.802596 |
| 856 | 40|qPDF|s4.55 MB|uhttps://publications.gc.ca/collections/collection_2016/rncan-nrcan/Fo4-59-2015-eng.pdf |